El 98 en el Congreso y en la prensa de los Estados Unidos / (Record n. 8999)

Dettagli MARC
000 -LEADER
fixed length control field 00840nam a2200229 i 4500
003 - CONTROL NUMBER IDENTIFIER
control field IT-RoINE
005 - DATE AND TIME OF LATEST TRANSACTION
control field 20190207055620.0
008 - FIXED-LENGTH DATA ELEMENTS--GENERAL INFORMATION
fixed length control field 000721s2000 sp | r o||| ||spa d
020 ## - INTERNATIONAL STANDARD BOOK NUMBER
International Standard Book Number 8495265117
040 ## - CATALOGING SOURCE
Original cataloging agency SpMaBN
Transcribing agency IT-RoINE
Modifying agency IT-RoINE
100 1# - MAIN ENTRY--PERSONAL NAME
Personal name Ojeda Eiseley, Jaime de
9 (RLIN) 18616
245 13 - TITLE STATEMENT
Title El 98 en el Congreso y en la prensa de los Estados Unidos /
Statement of responsibility, etc Jaime de Ojeda Eiseley.
260 ## - PUBLICATION, DISTRIBUTION, ETC. (IMPRINT)
Place of publication, distribution, etc Madrid :
Name of publisher, distributor, etc Ministerio de Asuntos Exteriores, Secretaría General Técnica,
Date of publication, distribution, etc 1999 [i.e. 2000]
300 ## - PHYSICAL DESCRIPTION
Extent 254 p. ;
Dimensions 25 cm.
336 ## - CONTENT TYPE
Source rdacontent
Content type term text
337 ## - MEDIA TYPE
Source rdamedia
Media type term unmediated
338 ## - CARRIER TYPE
Source rdacarrier
Carrier type term volume
490 1# - SERIES STATEMENT
Series statement Biblioteca diplomática española.
-- Estudios ;
Volume number/sequential designation 20
650 #4 - SUBJECT ADDED ENTRY--TOPICAL TERM
9 (RLIN) 16125
Topical term or geographic name as entry element Guerra hispano-americana, 1898
830 #0 - SERIES ADDED ENTRY--UNIFORM TITLE
Uniform title Biblioteca Diplomática Española.
Name of part/section of a work Sección estudios
9 (RLIN) 9178
942 ## - ADDED ENTRY ELEMENTS (KOHA)
Item type Monografías
Dati di copia
Withdrawn status Lost status Damaged status Not for loan Home library Current library Date acquired Total Checkouts Full call number Barcode Date last seen Price effective from Koha item type
        Iglesia Nacional Española en Roma Iglesia Nacional Española en Roma 24/04/2015   HIS.ESP.4. 904 12598 24/04/2015 24/04/2015 Monografías